Personálne poradenstvo ako efektívny nástroj manažmentu ľudských zdrojov v podniku

Podstata a význam externého personálneho poradenstva. Produkty personálno-poradenských spoločností. Personálne vyhľadávanie a výber. Personálny leasing. Tréningové a vzdelávacie programy. Manažérsky a personálny audit. Assesment center (AC). Outplacement.

Na minha lista:
Detalhes bibliográficos
Autor principal: Čihovská, Viera
Formato: Capítulo de Livro
Idioma:eslovaco
Assuntos:
Tags: Adicionar Tag
Sem tags, seja o primeiro a adicionar uma tag!

MARC

LEADER 00000naa$a2200000$$$4500
001 0079673
005 20240502071916.1
041 0 |a slo 
044 |a SK 
245 1 0 |a Personálne poradenstvo ako efektívny nástroj manažmentu ľudských zdrojov v podniku  |c Viera Čihovská 
520 |a Podstata a význam externého personálneho poradenstva. Produkty personálno-poradenských spoločností. Personálne vyhľadávanie a výber. Personálny leasing. Tréningové a vzdelávacie programy. Manažérsky a personálny audit. Assesment center (AC). Outplacement. 
610 2 0 |a poradenstvo personálne 
610 2 0 |a riadenie ľudských zdrojov 
610 2 0 |a lízing personálny 
610 2 0 |a prostredie podnikateľské 
610 2 0 |a manažment personálny 
100 1 |a Čihovská, Viera